[Event "Oberliga Ost B 2023 2024"]
[Site "?"]
[Date "2023.10.22"]
[Round "1.3"]
[Board "6"]
[White "Dubiel, Jacek"]
[Black "Heiming, Helmut"]
[Result "1-0"]
[WhiteElo "2377"]
[BlackElo "1869"]
[PlyCount "79"]
[EventDate "2023.10.22"]
[EventType "team-tourn"]
[EventCountry "GER"]
[WhiteTeam "Oberursel SV"]
[BlackTeam "Homburg Bad SK"]
[WhiteTeamCountry "GER"]
[BlackTeamCountry "GER"]

1. e4 e5 2. Nf3 Nc6 3. d4 exd4 4. Nxd4 Bc5 5. Be3 Nxd4 6. Bxd4 Bxd4 7. Qxd4 Qf6 8. e5 Qb6 9. Qxb6 axb6 10. Nc3 Ne7 11. O-O-O O-O 12. f4 c6 13. Bc4 b5 14. Bb3 b6 15. a3 Ra7 16. Rd2 h5 17. Kb1 Nf5 18. Re1 Rd8 19. Ne4 Kf8 20. Nd6 Nxd6 21. Rxd6 c5 22. Rxb6 c4 23. Ba2 Rb7 24. Rd6 Rc7 25. c3 Bb7 26. g3 Ke7 27. Kc1 Rc6 28. Rd2 Kf8 29. Red1 Ke7 30. Bb1 Rb6 31. Bf5 d6 32. Rxd6 Rbxd6 33. Rxd6 Rxd6 34. exd6+ Kxd6 35. Kd2 Kc5 36. Ke3 g6 37. Bd7 Bc6 38. Bxc6 Kxc6 39. Kd4 Kd6 40. a4 1-0

[Event "Oberliga Ost B 2023 2024"]
[Site "?"]
[Date "2023.10.22"]
[Round "1.3"]
[Board "7"]
[White "Goetz, Jan"]
[Black "Akbarinia, Sayed Arash"]
[Result "0-1"]
[WhiteElo "1841"]
[BlackElo "2375"]
[PlyCount "62"]
[EventDate "2023.10.22"]
[EventType "team-tourn"]
[EventCountry "GER"]
[WhiteTeam "Homburg Bad SK"]
[BlackTeam "Oberursel SV"]
[WhiteTeamCountry "GER"]
[BlackTeamCountry "GER"]

1. e4 c6 2. d4 d5 3. e5 Bf5 4. h4 h5 5. Bd3 Bxd3 6. Qxd3 e6 7. Bg5 Qb6 8. Nf3 Ne7 9. Nbd2 Nf5 10. O-O Nd7 11. c3 Be7 12. Bxe7 Kxe7 13. b4 a5 14. Rfb1 axb4 15. Rxb4 Qc7 16. Nf1 Ra3 17. Rb3 Rha8 18. Qb1 Qa5 19. Rxb7 Qxc3 20. Qb6 Rc8 21. Rb1 Rxa2 22. Rc7 Rxc7 23. Qxc7 Rb2 24. Rxb2 Qxb2 25. Qxc6 Nxd4 26. Qd6+ Ke8 27. Ng5 Ne2+ 28. Kh1 Qc1 29. Nxe6 Qxf1+ 30. Kh2 Qg1+ 31. Kh3 Qh1# 0-1

[Event "Oberliga Ost B 2023 2024"]
[Site "?"]
[Date "2023.10.22"]
[Round "1.3"]
[Board "8"]
[White "Schlamp, Robert"]
[Black "Miyake Siqueira, Pedro Henrique"]
[Result "1/2-1/2"]
[WhiteElo "2275"]
[BlackElo "1711"]
[PlyCount "60"]
[EventDate "2023.10.22"]
[EventType "team-tourn"]
[EventCountry "GER"]
[WhiteTeam "Oberursel SV"]
[BlackTeam "Homburg Bad SK"]
[WhiteTeamCountry "GER"]
[BlackTeamCountry "GER"]

1. d4 Nf6 2. c4 e6 3. Nc3 c5 4. e3 cxd4 5. exd4 d5 6. Nf3 a6 7. Bg5 dxc4 8. Bxc4 Be7 9. O-O O-O 10. Re1 b5 11. Bb3 Bb7 12. Qd3 Nc6 13. Rad1 Nb4 14. Qe2 Nbd5 15. Ne5 Nxc3 16. bxc3 Bd5 17. Qd3 Rc8 18. Bc2 g6 19. a4 Nd7 20. Bh6 Re8 21. axb5 Nxe5 22. dxe5 axb5 23. Qxb5 Qc7 24. Qe2 Qxc3 25. Be4 Qxe5 26. Bxd5 Qxe2 27. Rxe2 exd5 28. Rde1 Rc7 29. Bg5 Kf8 30. Bh6+ Kg8 1/2-1/2

[Event "Oberliga Ost B 2023 2024"]
[Site "?"]
[Date "2023.10.22"]
[Round "1.4"]
[Board "1"]
[White "Gloeckler, Christian"]
[Black "Paschke, Mario"]
[Result "1-0"]
[WhiteElo "2334"]
[BlackElo "2173"]
[PlyCount "53"]
[EventDate "2023.10.22"]
[EventType "team-tourn"]
[EventCountry "GER"]
[WhiteTeam "Wiesbadener SV"]
[BlackTeam "Eppstein SVG"]
[WhiteTeamCountry "GER"]
[BlackTeamCountry "GER"]

1. e4 c5 2. Nf3 d6 3. Bb5+ Bd7 4. Bxd7+ Qxd7 5. c4 Nc6 6. Nc3 Nf6 7. d4 cxd4 8. Nxd4 g6 9. f3 Bg7 10. Be3 O-O 11. O-O Rfe8 12. Rc1 Rab8 13. Qd2 a6 14. Rfd1 Nxd4 15. Bxd4 b5 16. cxb5 axb5 17. b3 b4 18. Na4 Qb5 19. Rc4 Red8 20. Ba7 Rb7 21. Bc5 Qe8 22. Bxb4 d5 23. e5 dxc4 24. Qxd8 Rb8 25. Qxe7 cxb3 26. exf6 Qxa4 27. Rd8+ 1-0

[Event "Oberliga Ost B 2023 2024"]
[Site "?"]
[Date "2023.10.22"]
[Round "1.4"]
[Board "2"]
[White "Marschner, Thomas"]
[Black "Khenkin, Igor"]
[Result "0-1"]
[WhiteElo "1932"]
[BlackElo "2509"]
[PlyCount "78"]
[EventDate "2023.10.22"]
[EventType "team-tourn"]
[EventCountry "GER"]
[WhiteTeam "Eppstein SVG"]
[BlackTeam "Wiesbadener SV"]
[WhiteTeamCountry "GER"]
[BlackTeamCountry "GER"]

1. e4 c6 2. Nf3 d5 3. exd5 cxd5 4. Ne5 a6 5. d4 Nc6 6. c3 Nxe5 7. dxe5 Bf5 8. Bd3 Bxd3 9. Qxd3 e6 10. O-O Ne7 11. Nd2 Nc6 12. Nf3 Be7 13. Bf4 Qb6 14. Qd2 O-O 15. Rac1 Rac8 16. Rfe1 Rfd8 17. Bg5 Bxg5 18. Nxg5 h6 19. Nf3 Qa5 20. b3 d4 21. cxd4 Qxd2 22. Nxd2 Nxd4 23. Rxc8 Rxc8 24. Nc4 b5 25. Ne3 g5 26. Kf1 Rc5 27. Rd1 Nc6 28. Ng4 Kg7 29. Rd6 a5 30. Ke2 Nxe5 31. Nxe5 Rxe5+ 32. Kd3 g4 33. b4 a4 34. a3 Rh5 35. Rb6 Rxh2 36. Rxb5 Rxg2 37. Ke3 g3 38. Kf3 Rxf2+ 39. Kxg3 Ra2 0-1

[Event "Oberliga Ost B 2023 2024"]
[Site "?"]
[Date "2023.10.22"]
[Round "1.4"]
[Board "3"]
[White "Geske, Julian"]
[Black "Steyer, Bernd"]
[Result "1-0"]
[WhiteElo "2390"]
[BlackElo "2169"]
[PlyCount "93"]
[EventDate "2023.10.22"]
[EventType "team-tourn"]
[EventCountry "GER"]
[WhiteTeam "Wiesbadener SV"]
[BlackTeam "Eppstein SVG"]
[WhiteTeamCountry "GER"]
[BlackTeamCountry "GER"]

1. e4 c5 2. Nf3 Nc6 3. Bb5 e5 4. O-O Bd6 5. c3 a6 6. Ba4 b5 7. Bc2 Nge7 8. Re1 Bb7 9. d4 cxd4 10. cxd4 Nxd4 11. Nxd4 exd4 12. e5 Bc5 13. Nd2 Qb6 14. Ne4 d3 15. Nxc5 Qxc5 16. Qxd3 Qc6 17. f3 Nd5 18. Bd2 Qc5+ 19. Kh1 Qc4 20. Qxc4 bxc4 21. Be4 O-O 22. Rac1 Rfc8 23. Bf5 c3 24. bxc3 Bc6 25. Bd3 a5 26. Rb1 Rab8 27. Kg1 h6 28. Kf2 Kf8 29. a3 a4 30. c4 Nc7 31. Bb4+ Ke8 32. Bd6 Rxb1 33. Rxb1 Ne6 34. Ke3 g6 35. g4 Nd8 36. f4 Nb7 37. Bb4 Kd8 38. f5 g5 39. Rb2 Ke8 40. h4 d6 41. hxg5 hxg5 42. Bxd6 Kd7 43. c5 Bd5 44. Kd4 Bf3 45. e6+ fxe6 46. fxe6+ Ke8 47. Bg6+ 1-0

[Event "Oberliga Ost B 2023 2024"]
[Site "?"]
[Date "2023.10.22"]
[Round "1.4"]
[Board "4"]
[White "Raab, Peter"]
[Black "Dubkov, Andrej"]
[Result "0-1"]
[WhiteElo "2165"]
[BlackElo "2357"]
[PlyCount "54"]
[EventDate "2023.10.22"]
[EventType "team-tourn"]
[EventCountry "GER"]
[WhiteTeam "Eppstein SVG"]
[BlackTeam "Wiesbadener SV"]
[WhiteTeamCountry "GER"]
[BlackTeamCountry "GER"]

1. Nf3 d5 2. c4 d4 3. b4 f6 4. e3 e5 5. Qb3 c5 6. bxc5 Ne7 7. Be2 Nec6 8. Ba3 Na6 9. O-O Nxc5 10. Bxc5 Bxc5 11. exd4 Nxd4 12. Nxd4 Bxd4 13. Nc3 O-O 14. Rac1 Kh8 15. Bf3 Rb8 16. Nd5 Qd6 17. Nc3 a6 18. Ne4 Qe7 19. Nc3 Be6 20. Nd5 Qf7 21. Nb6 Rfd8 22. Rc2 Rd6 23. Nd5 b5 24. Qa3 Qd7 25. d3 b4 26. Qa5 Bxd5 27. c5 Rc6 0-1

[Event "Oberliga Ost B 2023 2024"]
[Site "?"]
[Date "2023.10.22"]
[Round "1.4"]
[Board "5"]
[White "Minor, Samuel"]
[Black "Biegel, Thomas"]
[Result "1-0"]
[WhiteElo "2239"]
[BlackElo "1940"]
[PlyCount "93"]
[EventDate "2023.10.22"]
[EventType "team-tourn"]
[EventCountry "GER"]
[WhiteTeam "Wiesbadener SV"]
[BlackTeam "Eppstein SVG"]
[WhiteTeamCountry "GER"]
[BlackTeamCountry "GER"]

1. e4 c6 2. d4 d5 3. Nc3 dxe4 4. Nxe4 Bf5 5. Ng3 Bg6 6. Nh3 Nf6 7. c3 e6 8. Nf4 Bd6 9. h4 Qc7 10. Qf3 Nd5 11. Nxg6 hxg6 12. Ne4 Bf4 13. Bxf4 Nxf4 14. g3 Nh5 15. Bh3 Nd7 16. O-O-O O-O 17. Rhe1 Rae8 18. Re2 Re7 19. Ng5 Qd6 20. Kb1 Qd5 21. Qd3 Rfe8 22. f4 Nhf6 23. c4 Qd6 24. c5 Qc7 25. Rde1 Nf8 26. Nf3 Rd8 27. Rd2 N6d7 28. Rc1 Nf6 29. Qe3 Nd5 30. Qf2 Nf6 31. Qe3 Nd5 32. Qe2 Nf6 33. Ne5 Ne8 34. h5 gxh5 35. Qxh5 f6 36. Ng6 Nxg6 37. Qxg6 Qd7 38. Bg2 Rf7 39. Bf3 Nc7 40. Rh1 Kf8 41. Bh5 Kg8 42. f5 Kf8 43. Re1 exf5 44. Qh7 Ne6 45. Rde2 Qxd4 46. Rxe6 Qd3+ 47. Ka1 1-0

[Event "Oberliga Ost B 2023 2024"]
[Site "?"]
[Date "2023.10.22"]
[Round "1.4"]
[Board "6"]
[White "Kreiling, Carsten"]
[Black "Gottschalk, Jens"]
[Result "1/2-1/2"]
[WhiteElo "2094"]
[BlackElo "2216"]
[PlyCount "71"]
[EventDate "2023.10.22"]
[EventType "team-tourn"]
[EventCountry "GER"]
[WhiteTeam "Eppstein SVG"]
[BlackTeam "Wiesbadener SV"]
[WhiteTeamCountry "GER"]
[BlackTeamCountry "GER"]

1. d4 Nf6 2. c4 c5 3. d5 b5 4. cxb5 a6 5. bxa6 Bxa6 6. Nc3 g6 7. e4 Bxf1 8. Kxf1 d6 9. Nf3 Nbd7 10. g3 Bg7 11. Kg2 O-O 12. Qe2 Qa5 13. e5 dxe5 14. Nxe5 Nxe5 15. Qxe5 Ra7 16. Rd1 Rd8 17. Qe2 Rad7 18. Qf3 c4 19. Be3 Qa8 20. a4 Nxd5 21. Nxd5 Rxd5 22. Rxd5 Qxd5 23. Qxd5 Rxd5 24. Ra2 c3 25. bxc3 Bxc3 26. Bb6 Ba5 27. Bxa5 Rxa5 28. Kf3 Kf8 29. Ke4 Ke8 30. Kd4 Kd7 31. Kc4 Kc6 32. Kb4 Kb6 33. Re2 Ra7 34. Rd2 Rc7 35. f4 h5 36. h4 1/2-1/2

[Event "Oberliga Ost B 2023 2024"]
[Site "?"]
[Date "2023.10.22"]
[Round "1.4"]
[Board "7"]
[White "Knoedler, Marcel"]
[Black "Zweschper, Erich"]
[Result "1/2-1/2"]
[WhiteElo "1865"]
[BlackElo "2020"]
[PlyCount "36"]
[EventDate "2023.10.22"]
[EventType "team-tourn"]
[EventCountry "GER"]
[WhiteTeam "Wiesbadener SV"]
[BlackTeam "Eppstein SVG"]
[WhiteTeamCountry "GER"]
[BlackTeamCountry "GER"]

1. c4 g6 2. g3 Bg7 3. Bg2 e5 4. Nc3 Ne7 5. e3 c5 6. Nge2 Nbc6 7. a3 O-O 8. Rb1 a5 9. O-O d6 10. Nd5 Be6 11. d3 Rb8 12. Bd2 f5 13. b4 axb4 14. axb4 cxb4 15. Nxb4 Nxb4 16. Bxb4 Qd7 17. Qd2 Rfc8 18. Rfc1 b5 1/2-1/2

[Event "Oberliga Ost B 2023 2024"]
[Site "?"]
[Date "2023.10.22"]
[Round "1.5"]
[Board "1"]
[White "Humburg, Philipp"]
[Black "Casper, Thomas"]
[Result "0-1"]
[WhiteElo "2249"]
[BlackElo "2349"]
[PlyCount "92"]
[EventDate "2023.10.22"]
[EventType "team-tourn"]
[EventCountry "GER"]
[WhiteTeam "Marburg SK"]
[BlackTeam "Erfurter SK II"]
[WhiteTeamCountry "GER"]
[BlackTeamCountry "GER"]

1. d4 Nf6 2. c4 d6 3. Nf3 g6 4. Nc3 Bg7 5. e4 O-O 6. Be2 Nbd7 7. Be3 e5 8. O-O c6 9. d5 cxd5 10. cxd5 Ng4 11. Bg5 f6 12. Bd2 Nh6 13. Nb5 Nf7 14. Qc2 Nc5 15. b4 Na6 16. Rac1 Bd7 17. a4 f5 18. exf5 gxf5 19. g3 Qf6 20. Nh4 f4 21. f3 Ng5 22. Kh1 Bh3 23. Rg1 Rac8 24. Qb3 Rxc1 25. Rxc1 Bd7 26. Nxa7 Nh3 27. Kg2 fxg3 28. hxg3 Nf4+ 29. gxf4 Qxh4 30. Rh1 Qf6 31. Bxa6 bxa6 32. Nc6 exf4 33. Qd3 h6 34. b5 axb5 35. axb5 Re8 36. Rh5 Qb2 37. Kf1 Qa1+ 38. Kg2 Qd1 39. Ne5 dxe5 40. Rh1 Qa4 41. Rb1 e4 42. fxe4 Rxe4 43. b6 Rd4 44. b7 Rxd3 45. b8=Q+ Kh7 46. Bxf4 Qe4+ 0-1

[Event "Oberliga Ost B 2023 2024"]
[Site "?"]
[Date "2023.10.22"]
[Round "1.5"]
[Board "2"]
[White "Engers, Felix"]
[Black "Zienert, Richard"]
[Result "0-1"]
[WhiteElo "2195"]
[BlackElo "2264"]
[PlyCount "84"]
[EventDate "2023.10.22"]
[EventType "team-tourn"]
[EventCountry "GER"]
[WhiteTeam "Erfurter SK II"]
[BlackTeam "Marburg SK"]
[WhiteTeamCountry "GER"]
[BlackTeamCountry "GER"]

1. c4 c5 2. Nf3 Nc6 3. e3 Nf6 4. Nc3 g6 5. d4 cxd4 6. exd4 d5 7. cxd5 Nxd5 8. Qb3 Nxc3 9. Bc4 Nd5 10. Bxd5 e6 11. Bxc6+ bxc6 12. O-O Qd5 13. Qe3 Bb7 14. Bd2 h5 15. Rfd1 Bd6 16. Qg5 Be7 17. Qe5 f6 18. Qc7 Qd7 19. Qxd7+ Kxd7 20. Be3 h4 21. h3 Ba6 22. Nd2 g5 23. Rac1 g4 24. Ne4 gxh3 25. Nc5+ Bxc5 26. dxc5+ Ke7 27. Rd2 Rhg8 28. f3 hxg2 29. Rxg2 h3 30. Rxg8 Rxg8+ 31. Kh2 Rg2+ 32. Kxh3 Rxb2 33. Ra1 Bc4 34. a4 Rb3 35. Re1 Ra3 36. Kg3 Bd5 37. Kf2 Rxa4 38. Rb1 e5 39. Rb7+ Ke6 40. Bh6 Ra2+ 41. Kg3 Ra3 42. Bf8 Kf5 0-1

[Event "Oberliga Ost B 2023 2024"]
[Site "?"]
[Date "2023.10.22"]
[Round "1.5"]
[Board "3"]
[White "Baum, Bernd"]
[Black "Krueger, Rainer"]
[Result "1-0"]
[WhiteElo "2206"]
[BlackElo "2145"]
[PlyCount "93"]
[EventDate "2023.10.22"]
[EventType "team-tourn"]
[EventCountry "GER"]
[WhiteTeam "Marburg SK"]
[BlackTeam "Erfurter SK II"]
[WhiteTeamCountry "GER"]
[BlackTeamCountry "GER"]

1. Nf3 Nf6 2. d4 g6 3. g3 Bg7 4. Bg2 d5 5. O-O O-O 6. Bf4 b6 7. Qc1 Bb7 8. c4 Nbd7 9. Rd1 Qc8 10. cxd5 Nxd5 11. Bh6 c5 12. Bxg7 Kxg7 13. Na3 cxd4 14. Nxd4 Qxc1 15. Raxc1 Nc5 16. Nc4 Rfd8 17. Nb5 e6 18. Nbd6 Bc6 19. e4 Ne7 20. Ne5 Be8 21. b4 Na6 22. Bf1 Nxb4 23. a3 Ba4 24. Rd2 f6 25. Nef7 Nbc6 26. Nxd8 Rxd8 27. Nc4 Nd4 28. Kg2 e5 29. f3 Rc8 30. Rb1 Bb3 31. Nd6 Rc3 32. Nb5 Nxb5 33. Bxb5 Be6 34. a4 Nc6 35. Bxc6 Rxc6 36. Rbd1 h5 37. Rd6 Rc2+ 38. R1d2 Bb3 39. Rd7+ Kh6 40. Rxc2 Bxc2 41. Rxa7 g5 42. Kf2 Kg6 43. Ke3 Bb3 44. f4 exf4+ 45. gxf4 g4 46. Ra6 h4 47. Rxb6 1-0

[Event "Oberliga Ost B 2023 2024"]
[Site "?"]
[Date "2023.10.22"]
[Round "1.5"]
[Board "4"]
[White "Terhorst, Jochen"]
[Black "Henrich, Thomas"]
[Result "1-0"]
[WhiteElo "2118"]
[BlackElo "2143"]
[PlyCount "109"]
[EventDate "2023.10.22"]
[EventType "team-tourn"]
[EventCountry "GER"]
[WhiteTeam "Erfurter SK II"]
[BlackTeam "Marburg SK"]
[WhiteTeamCountry "GER"]
[BlackTeamCountry "GER"]

1. e4 e6 2. Nf3 c5 3. Qe2 b6 4. g3 Nf6 5. Bg2 Bb7 6. d3 d5 7. e5 Nfd7 8. O-O Nc6 9. Re1 Be7 10. h4 h6 11. a3 Qc7 12. Bf4 O-O-O 13. Nc3 a6 14. Nxd5 exd5 15. e6 Bd6 16. Bxd6 Qxd6 17. exd7+ Qxd7 18. Ne5 Nxe5 19. Qxe5 f6 20. Qe6 Kc7 21. Qxd7+ Rxd7 22. Bh3 Rf7 23. Re2 Bc8 24. Kg2 g5 25. Bxc8 Rxc8 26. h5 Kd7 27. Rae1 c4 28. dxc4 Rxc4 29. c3 Rc6 30. Re8 f5 31. Ra8 Kd6 32. Rxa6 Kc5 33. Ra4 Rff6 34. Ra8 f4 35. g4 Kc4 36. Rd1 Kb3 37. Rd2 Rce6 38. Kf3 Re1 39. Rd8 Re5 40. Rg8 Rd6 41. Rg6 Ree6 42. Rxd5 Rxg6 43. Rb5+ Kc2 44. hxg6 Rxg6 45. a4 Rc6 46. Ke4 Kd2 47. Kf3 Kc2 48. Rb4 Kd3 49. Rb3 Kc2 50. Rb5 Kd3 51. a5 bxa5 52. Rxa5 Rb6 53. Rd5+ Kc2 54. c4 Rxb2 55. Rb5 1-0

[Event "Oberliga Ost B 2023 2024"]
[Site "?"]
[Date "2023.10.22"]
[Round "1.5"]
[Board "5"]
[White "Rolle, Eric"]
[Black "Zitzelsberger, Philipp"]
[Result "1-0"]
[WhiteElo "2129"]
[BlackElo "1975"]
[PlyCount "89"]
[EventDate "2023.10.22"]
[EventType "team-tourn"]
[EventCountry "GER"]
[WhiteTeam "Marburg SK"]
[BlackTeam "Erfurter SK II"]
[WhiteTeamCountry "GER"]
[BlackTeamCountry "GER"]

1. c4 e6 2. Nc3 d5 3. e3 c5 4. Nf3 Nc6 5. cxd5 exd5 6. d4 Nf6 7. Be2 cxd4 8. Nxd4 Bb4 9. O-O O-O 10. Bf3 Ne5 11. Be2 Re8 12. Qb3 Bc5 13. Rd1 Nc6 14. Nxc6 bxc6 15. Qc2 Bd6 16. h3 Qe7 17. Na4 Bd7 18. Bf3 Rac8 19. b3 Qe5 20. Bb2 Qg5 21. Kf1 Bf5 22. Qe2 Ne4 23. Bxe4 Bxe4 24. Qg4 Qh6 25. f3 f5 26. Qxg7+ Qxg7 27. Bxg7 Kxg7 28. fxe4 fxe4 29. Ke2 Kf6 30. Rac1 Rg8 31. Rf1+ Ke6 32. g4 c5 33. Rf5 Rgf8 34. Rh5 Rc7 35. Nc3 Be5 36. Rh6+ Rf6 37. Rxf6+ Bxf6 38. Kd2 Bg5 39. Ke2 a6 40. Rf1 Bf6 41. Rxf6+ Kxf6 42. Nxd5+ Ke6 43. Nxc7+ Kd6 44. Nxa6 Kc6 45. b4 1-0

[Event "Oberliga Ost B 2023 2024"]
[Site "?"]
[Date "2023.10.22"]
[Round "1.5"]
[Board "6"]
[White "Duzy, Stefan"]
[Black "Duncker, Joachim"]
[Result "1/2-1/2"]
[WhiteElo "1898"]
[BlackElo "2195"]
[PlyCount "125"]
[EventDate "2023.10.22"]
[EventType "team-tourn"]
[EventCountry "GER"]
[WhiteTeam "Erfurter SK II"]
[BlackTeam "Marburg SK"]
[WhiteTeamCountry "GER"]
[BlackTeamCountry "GER"]

1. e4 d5 2. exd5 Nf6 3. c4 e6 4. d4 exd5 5. Nc3 Be7 6. Bd3 dxc4 7. Bxc4 O-O 8. Nf3 Nbd7 9. h3 Nb6 10. Bb3 Nbd5 11. O-O h6 12. Ne5 Be6 13. Bc2 c5 14. Be3 Qa5 15. Nxd5 Bxd5 16. dxc5 Qc7 17. Ng4 Bc4 18. Re1 Rfd8 19. Qf3 Be6 20. Bf4 Qxc5 21. Rac1 Qd5 22. Nxf6+ Bxf6 23. Be4 Qxa2 24. Bxb7 Rab8 25. Bxb8 Rxb8 26. Ra1 Qxb2 27. Rxa7 Qb4 28. Qe4 Qxe4 29. Bxe4 g6 30. Bxg6 Rb2 31. Rxe6 fxe6 32. Bf7+ Kf8 33. Bxe6 Bd4 34. Rf7+ Ke8 35. g3 Re2 36. Bd5 Re5 37. Bb3 Re1+ 38. Kg2 Rb1 39. Rf3 Rb2 40. Bd5 Ke7 41. Rf4 Bc5 42. Bc4 Rc2 43. Bd3 Rd2 44. Bg6 Rb2 45. Bh5 Rd2 46. h4 Rb2 47. Bg4 Rb4 48. Rxb4 Bxb4 49. Kf1 Kf6 50. f4 Kg7 51. Bd7 Be7 52. Kg2 Bd8 53. Kh3 Be7 54. g4 Bd6 55. Kg3 Bc7 56. Kf3 Bd8 57. g5 hxg5 58. fxg5 Kh8 59. Kg4 Ba5 60. Kf5 Be1 61. h5 Bd2 62. g6 Kg7 63. Be6 1/2-1/2

[Event "Oberliga Ost B 2023 2024"]
[Site "?"]
[Date "2023.10.22"]
[Round "1.5"]
[Board "7"]
[White "Nekhamkis, Genadi"]
[Black "Ruether, Rudolf"]
[Result "0-1"]
[WhiteElo "2083"]
[BlackElo "2055"]
[PlyCount "80"]
[EventDate "2023.10.22"]
[EventType "team-tourn"]
[EventCountry "GER"]
[WhiteTeam "Marburg SK"]
[BlackTeam "Erfurter SK II"]
[WhiteTeamCountry "GER"]
[BlackTeamCountry "GER"]

1. e4 e6 2. d4 d5 3. e5 c5 4. c3 Nc6 5. Nf3 Qb6 6. a3 c4 7. Nbd2 Na5 8. g3 Bd7 9. h4 Ne7 10. Bh3 O-O-O 11. Ng5 Be8 12. Qf3 g6 13. Qf6 Rg8 14. Nxf7 Bxf7 15. Qxf7 Kd7 16. Rb1 Bg7 17. Qf3 Rdf8 18. Qe2 Rf7 19. O-O Rgf8 20. f4 Nf5 21. Bxf5 gxf5 22. b3 cxb3 23. Nxb3 Nxb3 24. Qd1 Kc8 25. Rxb3 Qc6 26. Bd2 Rc7 27. Qc2 Rg8 28. Rfb1 Bh6 29. Kh2 Rg4 30. Rb5 Bf8 31. a4 Rcg7 32. Be1 Qe8 33. c4 dxc4 34. Qxc4+ Kb8 35. d5 exd5 36. Qxd5 Qc8 37. Qb3 Qc6 38. Rb2 Bc5 39. Rc2 Rxh4+ 40. gxh4 Bg1+ 0-1

[Event "Oberliga Ost B 2023 2024"]
[Site "?"]
[Date "2023.10.22"]
[Round "1.5"]
[Board "8"]
[White "Sunderbrink, Heino"]
[Black "Hein, Lennart"]
[Result "1/2-1/2"]
[WhiteElo "1953"]
[BlackElo "1915"]
[PlyCount "74"]
[EventDate "2023.10.22"]
[EventType "team-tourn"]
[EventCountry "GER"]
[WhiteTeam "Erfurter SK II"]
[BlackTeam "Marburg SK"]
[WhiteTeamCountry "GER"]
[BlackTeamCountry "GER"]

1. Nf3 Nf6 2. g3 b6 3. Bg2 Bb7 4. O-O e6 5. c4 c5 6. Nc3 Be7 7. d4 cxd4 8. Nxd4 Bxg2 9. Kxg2 a6 10. e4 d6 11. Be3 O-O 12. Qe2 Qc7 13. Rac1 Nbd7 14. f3 Rac8 15. b3 Qb7 16. Rfd1 Rfe8 17. Bf2 Bf8 18. g4 g6 19. Bg3 Ne5 20. h3 Rc7 21. Qe3 Nc6 22. Nde2 Rd8 23. Bh4 Be7 24. Qf4 Ne8 25. Bxe7 Rxe7 26. h4 b5 27. cxb5 axb5 28. a4 bxa4 29. bxa4 Ne5 30. Nb5 Qa6 31. Nec3 Red7 32. Qe3 Nf6 33. Qd4 Ne8 34. Kg3 Nc6 35. Qe3 Ne5 36. Qd4 Nc6 37. Qe3 Ne5 1/2-1/2

[Event "Oberliga Ost B 2023 2024"]
[Site "?"]
[Date "2023.10.22"]
[Round "1.6"]
[Board "1"]
[White "Nazarenus, Moritz"]
[Black "Bethke, Richard"]
[Result "0-1"]
[WhiteElo "2249"]
[BlackElo "2347"]
[PlyCount "78"]
[EventDate "2023.10.22"]
[EventType "team-tourn"]
[EventCountry "GER"]
[WhiteTeam "Schoeneck SF"]
[BlackTeam "Neuberg SF"]
[WhiteTeamCountry "GER"]
[BlackTeamCountry "GER"]

1. d4 Nf6 2. c4 e6 3. Nf3 b6 4. a3 Ba6 5. Qc2 d5 6. b3 Nbd7 7. Nbd2 Rc8 8. e3 Bd6 9. Be2 O-O 10. O-O c5 11. Qb1 e5 12. dxe5 Nxe5 13. Bb2 Qc7 14. Qf5 Rfe8 15. Rac1 Rcd8 16. h3 Nxf3+ 17. Nxf3 d4 18. Qc2 Qe7 19. Bd3 dxe3 20. Rce1 Bf4 21. fxe3 Bg3 22. Re2 Ne4 23. Bxe4 Qxe4 24. Qxe4 Rxe4 25. Nd2 Re6 26. e4 Bb7 27. Rf3 Bb8 28. Kf1 f6 29. Ke1 Kf7 30. g3 h5 31. b4 cxb4 32. axb4 h4 33. gxh4 Rh8 34. c5 Rxh4 35. Rfe3 Bc6 36. Bd4 g5 37. cxb6 axb6 38. Nf3 Rhxe4 39. Rxe4 Bxe4 0-1

[Event "Oberliga Ost B 2023 2024"]
[Site "?"]
[Date "2023.10.22"]
[Round "1.6"]
[Board "2"]
[White "Kuenstler, Christian"]
[Black "Kirchner, Markus"]
[Result "1-0"]
[WhiteElo "2271"]
[BlackElo "2157"]
[PlyCount "45"]
[EventDate "2023.10.22"]
[EventType "team-tourn"]
[EventCountry "GER"]
[WhiteTeam "Neuberg SF"]
[BlackTeam "Schoeneck SF"]
[WhiteTeamCountry "GER"]
[BlackTeamCountry "GER"]

1. Nf3 f5 2. g3 Nf6 3. Bg2 g6 4. O-O Bg7 5. d4 O-O 6. b3 d6 7. Bb2 c6 8. Nbd2 Qc7 9. Re1 Ne4 10. c4 Nxd2 11. Qxd2 e5 12. dxe5 dxe5 13. Rad1 e4 14. Bxg7 Qxg7 15. Nd4 Qe5 16. f3 e3 17. Qd3 f4 18. gxf4 Qxf4 19. Qe4 g5 20. Rd3 Qxe4 21. fxe4 Re8 22. Rxe3 Nd7 23. Rg3 1-0

[Event "Oberliga Ost B 2023 2024"]
[Site "?"]
[Date "2023.10.22"]
[Round "1.6"]
[Board "3"]
[White "Meyer, Kai Christian"]
[Black "Wahedi, Ahmad Siar"]
[Result "0-1"]
[WhiteElo "2191"]
[BlackElo "2267"]
[PlyCount "80"]
[EventDate "2023.10.22"]
[EventType "team-tourn"]
[EventCountry "GER"]
[WhiteTeam "Schoeneck SF"]
[BlackTeam "Neuberg SF"]
[WhiteTeamCountry "GER"]
[BlackTeamCountry "GER"]

1. d4 e6 2. Nf3 c5 3. c3 Nc6 4. g3 Nf6 5. Bg2 d5 6. O-O b5 7. Bg5 Qb6 8. Bxf6 gxf6 9. Nbd2 f5 10. dxc5 Bxc5 11. Nb3 Be7 12. Qd2 O-O 13. Qh6 f6 14. Nfd4 Ne5 15. Nxf5 exf5 16. Bxd5+ Nf7 17. Qh5 Rb8 18. Nd4 Qd6 19. Nxf5 Bxf5 20. Qxf5 Qe5 21. Qg4+ Kh8 22. Bxf7 Rxf7 23. Rad1 Bc5 24. Qf3 Qc7 25. Rd5 Rd8 26. Rfd1 Rxd5 27. Rxd5 b4 28. cxb4 Bxb4 29. a3 Bf8 30. b4 Qc6 31. Qd3 Qe6 32. e3 Kg8 33. Qc4 Rd7 34. Rg5+ Kf7 35. Qxe6+ Kxe6 36. Ra5 Be7 37. Kg2 Bd8 38. Rb5 Bb6 39. a4 Rd5 40. Rxd5 Kxd5 0-1

[Event "Oberliga Ost B 2023 2024"]
[Site "?"]
[Date "2023.10.22"]
[Round "1.6"]
[Board "4"]
[White "Schaffer, Hendrik"]
[Black "Del Rio, Roland"]
[Result "1-0"]
[WhiteElo "2238"]
[BlackElo "2209"]
[PlyCount "81"]
[EventDate "2023.10.22"]
[EventType "team-tourn"]
[EventCountry "GER"]
[WhiteTeam "Neuberg SF"]
[BlackTeam "Schoeneck SF"]
[WhiteTeamCountry "GER"]
[BlackTeamCountry "GER"]

1. d4 Nf6 2. c4 e6 3. g3 d5 4. Bg2 c6 5. Nf3 Nbd7 6. b3 Be7 7. O-O O-O 8. Bb2 b6 9. Nbd2 Bb7 10. Rc1 Rc8 11. e3 c5 12. Qe2 Ne4 13. Nxe4 dxe4 14. Nd2 f5 15. Rcd1 Bf6 16. Nb1 Qe7 17. Nc3 Rcd8 18. Rd2 g6 19. Rfd1 Qg7 20. Na4 Bc6 21. Nc3 a6 22. a3 Bb7 23. b4 Bc6 24. f3 exf3 25. Bxf3 Bxf3 26. Qxf3 cxd4 27. exd4 e5 28. Nd5 Bg5 29. Re2 e4 30. Qb3 Qf7 31. Rf1 Nf6 32. Nxb6 Qc7 33. c5+ Qf7 34. Qxf7+ Rxf7 35. h4 Bh6 36. d5 Ng4 37. d6 a5 38. Nd5 axb4 39. axb4 Ra7 40. Ne7+ Rxe7 41. dxe7 1-0

[Event "Oberliga Ost B 2023 2024"]
[Site "?"]
[Date "2023.10.22"]
[Round "1.6"]
[Board "5"]
[White "Weiss, Matthias"]
[Black "Seifert, Christopher"]
[Result "0-1"]
[WhiteElo "1985"]
[BlackElo "2321"]
[PlyCount "44"]
[EventDate "2023.10.22"]
[EventType "team-tourn"]
[EventCountry "GER"]
[WhiteTeam "Schoeneck SF"]
[BlackTeam "Neuberg SF"]
[WhiteTeamCountry "GER"]
[BlackTeamCountry "GER"]

1. e4 g6 2. d4 Bg7 3. Nc3 c6 4. Nf3 d5 5. h3 dxe4 6. Nxe4 Bf5 7. Ng3 Be6 8. Be2 Nf6 9. O-O h6 10. c4 O-O 11. Be3 Qa5 12. a3 b5 13. b4 Qa6 14. d5 cxd5 15. cxb5 Qb7 16. Nd4 Bd7 17. Rc1 e5 18. Nc6 Nxc6 19. bxc6 Bxc6 20. Bc5 Rfe8 21. Re1 d4 22. Bf1 Rad8 0-1